| 000 | 00406 a2200133 4500 | ||
|---|---|---|---|
| 005 | 20250614125223.0 | ||
| 020 | _a978-1-7775703-8-5 | ||
| 082 | _a338.096 SHE | ||
| 100 | _aSHEPHERD, N. | ||
| 245 | _aUnderstanding and Reporting Human Capital : in an Era of Integrated Thinking. | ||
| 260 |
_aCanada, _bEduvision Inc _c2021. |
||
| 300 |
_aix, 269p.: ill.; figure, table _bBibliography _c22cm. |
||
| 942 |
_2ddc _cBKS |
||
| 999 |
_c4081 _d4081 |
||